000 00441nam a2200181Ia 4500
008 240925s9999 xx 000 0 und d
020 _a997151155x
082 _a530 HAL
100 _aHalliday, David
245 0 _aPhysics
250 _a4th
260 _aNew York:
_bJohn Wiley & Sons
_c,1994.
300 _a174p.
_bII
_fOriginal
500 _aIncludes Index
600 _aHumanities & Natural Science
650 _aPhysics
942 _cBK
999 _c2638
_d2638